|
|
|
|
| LEADER |
02198nam a2200445 a 4500 |
| 001 |
000022830 |
| 003 |
CZ BrMZK |
| 005 |
20220103120841.0 |
| 007 |
ta |
| 008 |
950313s1995 xr f cze d |
| 015 |
|
|
|a cnb000106853
|
| 020 |
|
|
|a 80-210-1129-7
|
| 040 |
|
|
|a BOA001
|b cze
|
| 080 |
|
|
|a 94(075.8)
|2 MRF
|
| 100 |
1 |
|
|a Zwettler, Otto,
|d 1942-
|7 xx0012300
|4 aut
|
| 245 |
1 |
0 |
|a Obecné dějiny středověku I /
|c Otto Zwetler
|
| 250 |
|
|
|a 2. přeprac. vyd.
|
| 260 |
|
|
|a Brno :
|b Masarykova univerzita,
|c 1995
|
| 300 |
|
|
|a 173 s. ;
|c 24 cm
|
| 500 |
|
|
|a Určeno pro stud. pedag. fak.
|
| 504 |
|
|
|a Obsahuje bibliografii
|
| 653 |
0 |
|
|a středověké dějiny
|
| 710 |
2 |
|
|a Masarykova univerzita.
|b Pedagogická fakulta
|7 kn20010709279
|
| 856 |
4 |
1 |
|u https://www.digitalniknihovna.cz/mzk/uuid/uuid:4ed09d10-f100-11ea-9a67-005056827e52
|y Digitalizovan dokument
|x NDK
|
| 910 |
|
|
|a BOA001
|b 2-1009.807
|b PK-0123.233
|
| 920 |
|
|
|a 000031487
|
| 962 |
|
|
|a 94
|
| 964 |
|
|
|a Středověk
|x dějiny
|x učebnice
|x školy vysoké
|
| 990 |
|
|
|a BK
|
| 991 |
|
|
|f 94(100) ZWE
|
| 996 |
7 |
|
|b 2610022330
|c 2-1009.807
|l MZK
|r Sklad / do 1 hodiny
|n 75
|p kup
|w 000022830
|u 000010
|a 1
|e BOA001
|j MZK50
|s A
|
| 996 |
6 |
|
|b 2610022331
|c 2-1009.807
|l MZK
|r Sklad / do 1 hodiny
|n 47
|p kup
|w 000022830
|u 000020
|a 1
|e BOA001
|j MZK50
|s P
|
| 996 |
7 |
|
|b 2610022332
|c 2-1009.807
|l MZK
|r Sklad / do 1 hodiny
|n 39
|p kup
|w 000022830
|u 000030
|a 1
|e BOA001
|j MZK50
|s A
|
| 996 |
7 |
|
|b 2610022333
|c 2-1009.807
|l MZK
|r Sklad / do 1 hodiny
|n 51
|p kup
|w 000022830
|u 000040
|a 1
|e BOA001
|j MZK50
|s A
|
| 996 |
7 |
|
|b 3119000653
|c PK-0123.233
|l MZK
|r Sklad / do 1 hodiny
|n 46
|p kup
|w 000022830
|u 000060
|a 1
|e BOA001
|j MZK50
|s A
|
| 996 |
7 |
|
|b 3119000654
|c PK-0123.233
|l MZK
|r Sklad / do 1 hodiny
|n 47
|p kup
|w 000022830
|u 000070
|a 1
|e BOA001
|j MZK50
|s A
|
| 996 |
7 |
|
|b 3119000655
|c PK-0123.233
|l MZK
|r Sklad / do 1 hodiny
|n 42
|p kup
|w 000022830
|u 000080
|a 1
|e BOA001
|j MZK50
|s A
|
| 996 |
7 |
|
|b 3119000656
|c PK-0123.233
|l MZK
|r Sklad / do 1 hodiny
|n 33
|p kup
|w 000022830
|u 000090
|a 1
|e BOA001
|j MZK50
|s A
|
| 996 |
7 |
|
|b 3119000657
|c PK-0123.233
|l MZK
|r Sklad / do 1 hodiny
|n 36
|p kup
|w 000022830
|u 000100
|a 1
|e BOA001
|j MZK50
|s A
|
| 996 |
7 |
|
|b 3119000658
|c PK-0123.233
|l MZK
|r Sklad / do 1 hodiny
|n 39
|p kup
|w 000022830
|u 000110
|a 1
|e BOA001
|j MZK50
|s A
|